000 00734nam a2200205Ia 4500
003 GCL
008 140319s9999 xx 000 0 ara d
020 _a4374208977
040 _aGCL /
_cGCL
082 0 4 _a214.32
_bر ق
100 1 _aرفعت سيد احمد
245 1 0 _aقرآن .. وسيف :
_b(من الافغان .. الى بن لادن) من ملفات الاسلام السياسى دراسة موثقة /
_cرفعت سيد احمد
260 _aالقاهرة :
_bمكتبة مدبولى ،
_c2002
300 _a295 ص ؛
_c22 سم
650 0 4 _aالاسلام
650 0 4 _aالسياسة
650 0 4 _aالاسلام والاصلاح السياسى
650 0 4 _aالاسلام والسياسة
942 _2ddc
_cBK
999 _c2558
_d2558